000
00308pam a2200133 a 4500
020
_c
041
_h
082
_b
TAN
100
_a
Tanner, A.E.
245
_a
Tobacco From The Grower To The Smoker
_h
Textual Documents
260
_a
London
_b
Sir Isaac Pitman And Sons
300
_a
114/LB
930
_a
11887
999
_c
118709
_d
118709